| 000 | 01118cam a22003255a 4500 | ||
|---|---|---|---|
| 001 | 3027933 | ||
| 003 | EG-ScBUE | ||
| 005 | 20220626113028.0 | ||
| 008 | 941130r19961980enk f bd 001 0 eng d | ||
| 020 | _a0415058821 | ||
| 020 | _a9780415058827 | ||
| 040 |
_aDLC _beng _erda _cDLC _dDLC _dEG-ScBUE |
||
| 082 | 0 | 4 |
_a428.2407 _222 _bTEA |
| 245 | 0 | 0 |
_aTeaching English as a foreign language / _cGeoffrey Broughton [and and four others], University of London Institute of Education. |
| 250 |
_aSecond edition, _breprinted edition. |
||
| 264 | 1 |
_aLondon ; _aNew York : _bRoutledge, _c1996. |
|
| 300 |
_a248 pages ; _c22 cm. |
||
| 336 |
_2rdacontent _atext _btxt |
||
| 337 |
_2rdamedia _aunmediated _bn |
||
| 338 |
_2rdacarrier _avolume _bnc |
||
| 490 | 0 | _aRoutledge education books | |
| 500 | _aIncludes glossary. | ||
| 504 | _aIncludes bibliographical references and index. | ||
| 650 | 7 |
_aEnglish language _xStudy and teaching _xForeign speakers. _2BUEsh |
|
| 651 | _2BUEsh | ||
| 653 |
_cJuly2016 _bHHUUEENN |
||
| 655 |
_vReading book _934232 |
||
| 700 | 1 |
_aBroughton, Geoffrey, _d1927- _eauthor. |
|
| 942 |
_2ddc _cBB |
||
| 999 |
_c21976 _d21948 |
||